Sports Quiz

Random Sports or NBA Quiz

Celtics' Retired Numbers Quiz Stats

 Plays Quiz Updated Dec 14, 2018

     
Support Sporcle.
Go Orange.
Score 0/23 Timer 05:00
5 Plays Today
# Player % Correct
33Larry Bird
97.2%
6Bill Russell
85.4%
34Paul Pierce
84.8%
00Robert Parish
82.3%
32Kevin McHale
80.1%
14Bob Cousy
73.8%
17John Havlicek
63.8%
3Dennis Johnson
57.5%
25KC Jones
52%
24Sam Jones
51.9%
2Red Auerbach
48.6%
18Dave Cowens
41%
# Player % Correct
35Reggie Lewis
37.9%
15Tom Heinsohn
36.5%
10Jo Jo White
34.7%
31Cedric Maxwell
30.3%
19Don Nelson
20.9%
21Bill Sharman
19.9%
16Tom Sanders
16.4%
1Walter Brown
15.9%
LOSCYJim Loscutoff
12.9%
23Frank Ramsey
10.3%
22Ed Macauley
8.6%

From the Vault

'And' Novels

by Pilgab

Literature 2.5m
For when alphabetical order just doesn't cut it.
Remove Ads.
Support Sporcle.
Get the best of Sporcle when you Go Orange. This ad-free experience offers more features, more stats, and more fun while also helping to support Sporcle. Thank you for becoming a member.

Show Comments

Extras

Top Quizzes Today


Score Distribution

Your Account Isn't Verified!

In order to create a playlist on Sporcle, you need to verify the email address you used during registration. Go to your Sporcle Settings to finish the process.

Report this User

Report this user for behavior that violates our Community Guidelines.

Details: